TENWEK HOSP HOME | SOC  | ASK A LIBRARIANSTAFF LOGIN  |  DIGITAL REPOSITORYe-BOOK PORTAL  |  OFF-CAMPUS PORTAL  |  DONATE

Fluid and electrolyte balance : (Record no. 2474)

MARC details
000 -LEADER
fixed length control field 01158pam a2200313 a 4500
001 - CONTROL NUMBER
control field 4454178
003 - CONTROL NUMBER IDENTIFIER
control field Ke-BoTe
005 - DATE AND TIME OF LATEST TRANSACTION
control field 20220511120326.0
008 - FIXED-LENGTH DATA ELEMENTS--GENERAL INFORMATION
fixed length control field 951107s1996 paua b 001 0 eng c
010 ## - LIBRARY OF CONGRESS CONTROL NUMBER
LC control number 95049883
020 ## - INTERNATIONAL STANDARD BOOK NUMBER
International Standard Book Number 0397551916
040 ## - CATALOGING SOURCE
Original cataloging agency DNLM/DLC
Transcribing agency DLC
Modifying agency DLC
050 00 - LIBRARY OF CONGRESS CALL NUMBER
Classification number RC630
Item number .F556 1996
060 10 - NATIONAL LIBRARY OF MEDICINE CALL NUMBER
Classification number WD 220 F646 1996
082 00 - DEWEY DECIMAL CLASSIFICATION NUMBER
Classification number 616.3/9
Edition number 20
245 00 - TITLE STATEMENT
Title Fluid and electrolyte balance :
Remainder of title nursing considerations /
Statement of responsibility, etc. [edited by] Norma M. Metheny ; with 14 contributors.
250 ## - EDITION STATEMENT
Edition statement 3rd ed.
260 ## - PUBLICATION, DISTRIBUTION, ETC.
Place of publication, distribution, etc. Philadelphia :
Name of publisher, distributor, etc. Lippincott,
Date of publication, distribution, etc. c1996.
300 ## - PHYSICAL DESCRIPTION
Extent xiv, 461 p. :
Other physical details ill. ;
Dimensions 26 cm.
504 ## - BIBLIOGRAPHY, ETC. NOTE
Bibliography, etc. note Includes bibliographical references and index.
650 #0 - SUBJECT ADDED ENTRY--TOPICAL TERM
Topical term or geographic name entry element Body fluid disorders.
9 (RLIN) 4922
650 #0 - SUBJECT ADDED ENTRY--TOPICAL TERM
Topical term or geographic name entry element Body fluid disorders
General subdivision Nursing.
9 (RLIN) 4080
650 12 - SUBJECT ADDED ENTRY--TOPICAL TERM
Topical term or geographic name entry element Water-Electrolyte Imbalance
General subdivision nurses' instruction.
9 (RLIN) 4928
650 22 - SUBJECT ADDED ENTRY--TOPICAL TERM
Topical term or geographic name entry element Water-Electrolyte Balance
General subdivision nurses' instruction.
9 (RLIN) 4899
700 1# - ADDED ENTRY--PERSONAL NAME
Personal name Metheny, Norma Milligan.
9 (RLIN) 4921
906 ## - LOCAL DATA ELEMENT F, LDF (RLIN)
a 7
b cbc
c orignew
d 1
e ocip
f 19
g y-gencatlg
942 ## - ADDED ENTRY ELEMENTS (KOHA)
Source of classification or shelving scheme Library of Congress Classification
Koha item type Books
Suppress in OPAC No
Holdings
Withdrawn status Lost status Source of classification or shelving scheme Damaged status Not for loan Collection code Home library Current library Shelving location Date acquired Total Checkouts Full call number Barcode Date last seen Price effective from Koha item type
    Library of Congress Classification     Non-fiction SCHOOL OF HEALTH SCIENCES SCHOOL OF HEALTH SCIENCES General Stacks 11.05.2022   RC630.F556 1996 00001084 11.05.2022 11.05.2022 Books